| 000 | 00837nam a2200217 i 4500 | ||
|---|---|---|---|
| 001 | 46985 | ||
| 003 | ES-MaACL | ||
| 005 | 20230906161500.0 | ||
| 007 | t| | ||
| 008 | 030402s1981 sp f b |||| | spa d | ||
| 110 | 1 |
_aEspaña. _bMinisterio de Educación y Ciencia. _93864 |
|
| 245 | 1 | 0 |
_aCatálogo de obras antiguas sobre educación 1759-1940 / _cMaría Concepción Contel Barea ; María Begoña Ibáñez Ortega. |
| 250 | _a1ª ed. | ||
| 260 |
_a[Madrid] : _bMinisterio de Educación y Ciencia, _c1981. |
||
| 300 |
_a189 p., 6 lám. ; _c22 cm. |
||
| 610 | 1 | 4 |
_aEspaña. _bMinisterio de Educación y Ciencia. _bBiblioteca- _vCatálogos. _9169682 |
| 650 | 4 |
_aEducación- _vBibliografías. _912075 |
|
| 700 | 1 |
_aContel Barea, María Concepción. _940275 |
|
| 700 | 1 |
_aIbáñez Ortega, María Begoña. _964939 |
|
| 852 |
_aES-MaACL _jL-2281 |
||
| 999 |
_c46985 _d46985 |
||